Top Net Food-Importing Countries - Statistics

General Stats
  • This quiz has been taken 24,595 times
    16,027 since last reset
  • The average score is 12 of 21
Answer Stats
Net $ Country % Correct
83.1 bil China
93%
30.2 bil United Kingdom
88%
53.4 bil Japan
86%
7.16 bil Russia
84%
14.5 bil Germany
76%
15.7 bil Saudi Arabia
67%
21.0 bil South Korea
66%
9.07 bil Egypt
63%
8.71 bil Iran
61%
12.5 bil Iraq
55%
6.84 bil Sweden
54%
5.24 bil United Arab Emirates
52%
6.04 bil Norway
51%
8.74 bil Taiwan
43%
18.6 bil Vietnam
42%
8.91 bil Algeria
39%
7.02 bil Philippines
38%
5.13 bil Nigeria
36%
9.28 bil Bangladesh
29%
4.65 bil Kuwait
29%
3.86 bil Venezuela
10%
No matching quizzes found
Score Distribution
Percent of People with Each Score
Percentile by Number Answered
Your Score History
You have not taken this quiz since the last reset